00806nam a2200205Ia 4500008004100000020001500041050002000056100003000076245014000106260004900246300003400295336001000329337001400339338001200353500011300365650002400478650003000502700003900532700002900571120626s9999 xx 000 0 und d a3721203208 aZ250 bG64 1997 aGütler, André eautor aSchrift und Kalligrafie im Experinentb : Experiments with letterform and calligraphy c / Andre Gurtler ; traducción de Anrew Bluhm aZürich, Schweitzb: Verlag Nigglic , 1997 a251 páginasb ilustraciones atexto asin medio avolumen aTítulo y texto en inglés y alemán. Variante del título: Experiments with letterform and caligraphy. 1 aLETRAS x TÉCNICA2 aCALIGRAFÍA x TÉCNICA aGütler, André, d1936- eautor aBluhm, Andrewetraductor